General Knowledge #21 - Statistics

General Stats
  • This quiz has been taken 46 times
  • The average score is 9 of 20
Answer Stats
Question Answer % Correct
How many degrees are in a circle? 360
93%
A statue called Christ the Redeemer overlooks which city? Rio de Janeiro
90%
The stomach of a cow is divided into how many compartments? 4
85%
Name the capital city of Canada. Ottawa
85%
The Heimlich Manoeuvre was designed to stop someone from what? Choking
76%
A dodecagon has how many sides? 12
71%
What word denotes the smallest of the litter? Runt
68%
Who wrote the Great Gatsby? F. Scott Fitzgerald
56%
Naypyidaw is the capital of which Asian country? Burma
46%
What illness was borne by rats in the Middle Ages? Bubonic Plague
39%
A type of embroidery using small X-shaped stitches. Cross Stitch
37%
What is the richest country in the world per capita? Qatar
32%
In which Chinese city would you find the Terracotta Warriors? Xi'an
29%
Who was the 26th president of the United States? Theodore Roosevelt
22%
The World Bank is located in which city? Washington D.C
22%
Proverbially, what is 'the staff of life'? Bread
20%
What country achieved independence in 2002? East Timor
12%
In English city would you find Poets' Corner? Westminster
10%
What was the real full name of the founder of Buddhism? Siddharta Gautma
0%
This ship left Germany in 1939 carrying 937 unwanted refugees SS St Louis
0%
No matching quizzes found
Score Distribution
Percent of People with Each Score
Percentile by Number Answered
Your Score History
You have not taken this quiz